| 000 | 00636nam a2200241Ia 4500 | ||
|---|---|---|---|
| 003 | OSt | ||
| 005 | 20230329144057.0 | ||
| 008 | 210423s2008 xx 000 0 und d | ||
| 020 | _a1397881718871110 | ||
| 040 | _cAL | ||
| 041 | _aeng | ||
| 082 | _a338.9 KAPU | ||
| 100 |
_aKAPILA (Uma),Ed _979638 |
||
| 245 | _aIndias economic development since 1947 | ||
| 250 | _a3 | ||
| 260 |
_aNew Delhi _bAcademic Foundation _c2008 |
||
| 300 |
_a742 _bPB |
||
| 365 |
_b425 _cINR |
||
| 650 |
_aEconomics _979639 |
||
| 650 |
_aEconomics of Development _979640 |
||
| 906 | _a1947 ; development ; economic ; Indias ; since | ||
| 942 |
_2ddc _cBK |
||
| 999 |
_c156391 _d156391 |
||